[Event "Groningen Harmonie+"]
[Site "Groningen"]
[Date "2002.12.23"]
[Round "3"]
[White "Dgebuadze, Alexandre"]
[Black "Nijboer, Friso"]
[Result "1-0"]
[WhiteElo "2537"]
[BlackElo "2556"]
[Annotator "Gofshtein,L"]
[PlyCount "68"]
[EventDate "2002.12.21"]
[EventType "tourn"]
[EventRounds "9"]
[EventCountry "NED"]
[EventCategory "10"]
[SourceTitle "CBM 093"]
[Source "ChessBase"]
[SourceDate "2003.04.01"]
[SourceVersion "1"]
[SourceVersionDate "2003.04.01"]
[SourceQuality "1"]

1. e4 c5 2. Nf3 Nc6 3. d4 cxd4 4. Nxd4 Nf6 5. Nc3 d6 6. Bc4 Qb6 7. Nb3 e6 8.
O-O Be7 9. Kh1 Qc7 10. f4 a6 11. Bd3 {11.Qe2 is another way for white, while
black has good conterchances there:} (11. Qe2 O-O (11... b5 12. Bd3 b4 13. Nb1
Bb7 14. N1d2 O-O 15. Nf3 e5 $132 {0-1 Klundt,K-Mednis,E/Siegen 1970/EXT 2002 
(41)}) 12. Bd2 b5 13. Bd3 Bb7 14. Rae1 Nd7 15. Rf3 g6 16. Rh3 Rfe8 17. Nd1 a5
18. Ne3 a4 19. Nc1 Nc5 $132 {1/2-1/2 Westerinen,H-Radulov,I/Hastings 1972/MCD 
(48)}) 11... b5 12. Qf3 {This move is very natural-white moves the queen
closer to the kingside; In case of 12.a3 black receives strong counterplay;
Other continuations, like 12.Qe1 and 12.Bd2 lead to semilar positions with
different order of moves;} (12. a3 Bb7 13. Qe1 (13. Qf3 g6 14. Qh3 Rg8 15. Bd2
h5 16. Rae1 Ng4 17. Re2 Bf6 18. Qg3 Nd4 19. Nxd4 Bxd4 20. h3 Nf6 21. e5 Nd7 22.
exd6 Qxd6 23. Ne4 Bxe4 24. Bxe4 $14 {1/2-1/2 Forgo,E-Lendvai Wells,N/Hungary
1997/EXT 2000 (49)}) 13... O-O 14. Bd2 b4 15. Ne2 bxa3 16. bxa3 e5 17. Ng3 Bc8
18. fxe5 dxe5 19. Nf5 Bxf5 $132 {0-1 Protaziuk,G-Perdek,M/Augustow 1996/EXT 99
(49)}) (12. Qe1 O-O 13. Bd2 Rb8 14. Qg3 b4 15. Ne2 d5 16. e5 Ne4 17. Qh3 f5
$132 {1-0 Tosic,M-Damljanovic,B/Belgrade 1999/EXT 2000 (40)}) (12. Bd2 O-O 13.
Qf3 Bb7 14. Rae1 b4 15. Ne2 a5 16. Qh3 Ba6 $132 {1-0 Klundt,K-Benko,P/Augsburg
1986/EXT 97 (33)}) 12... Bb7 13. a4 $5 {[%mdl 4] Interesting try; White
provokes 13...b4 which weakens black pawn chain of the queenside;} (13. Qg3 O-O
14. Re1 Rfe8 15. e5 Nd7 16. exd6 Bxd6 17. Ne4 Be7 18. c3 b4 $132 {1-0 Mueller,
D-Schulte,T/Baden 1998/EXT 2002 (36)}) 13... b4 14. Nd1 {Another line is 14.
Ne2 taking d4 under control;} (14. Ne2 g6 15. Bd2 d5 16. e5 Ne4 17. Be1 O-O 18.
Qh3 Rae8 19. Bh4 f5 20. Bxe7 Rxe7 $14 {1/2-1/2 Forgo,E-Kopjonkin,G/Zalakaros
1995/EXT 97 (42)}) 14... d5 {14...0-0 deserves attention, not clearing up
plans for a while;} (14... O-O) 15. e5 Ne4 16. Nf2 {White trades strong Ne4 of
black on a spot;} (16. Be3 f5 17. exf6 Bxf6 18. Qh3 Ne7 $132) (16. Bxe4 $6 dxe4
17. Qxe4 Na5 $44) 16... Nc5 (16... f5 17. exf6 Nxf2+ 18. Qxf2 Bxf6 $14) 17.
Nxc5 Bxc5 18. Qg3 {[%cal Yg3g7] White intends to trade dark-square bishops;
Immediate 17.Be3 fails because of 17...d4;} O-O-O 19. Be3 {Not easy task to
evaluate lines with capture of g7 pawn here; That's why white has been
preffered more obvious continuation;} (19. Qxg7 h5 (19... Rdg8 20. Qh6) 20. Qg3
Rdg8 21. Qh3 Qb6 $13) 19... Bxe3 20. Qxe3 g5 $5 {Black is trying to change the
scenario since in calm play white's advantage is obvious;} 21. fxg5 (21. Rae1
gxf4 22. Qxf4 f5 23. Qh6 Rde8 $132) 21... Nxe5 $5 (21... Qxe5 22. Qc5 Qd4 23.
Qxd4 Nxd4 24. Ng4 Rhg8 25. Ne5 $16) 22. Rae1 (22. Qe2 a5 23. Rae1 Nc4 $132)
22... Nc4 23. Bxc4 {This move is very responsible since white opens Bb7 this
way; But in other lines, white doesn't get much as well;} (23. Qe2 Rhg8 (23...
Nxb2 24. Bxa6 Nxa4 25. Bxb7+ Qxb7 26. Nd3 Nc3 27. Qe5 $36) 24. b3 Nd6 25. Bxa6
Rxg5 26. Bxb7+ Kxb7 27. Qd2) (23. Qc1 h6 24. g6 fxg6 25. Rxe6 d4 $132) 23...
dxc4 24. Ng4 Rhg8 25. Ne5 $6 {This mistake allows black to capture the
initiative in this game;} (25. Nf6 $5 Rg6 26. Rd1 Rxd1 27. Rxd1 h6 28. Ne8 Qc6
29. Nd6+ $36) 25... f5 $5 26. Rf4 Bd5 $2 {Just a blunder; Black would've been
clearly better after 26...Rxg5:} (26... Rxg5 $5 27. Nf3 (27. Rxc4 Bxg2+ 28. Kg1
Bd5+ 29. Qxg5 Bxc4 $40) 27... Rg6 $36) 27. h4 h6 $6 {Black worsens his
position again since white receives passed pawn now;} (27... Kb7 28. Rd4 a5)
28. g6 h5 (28... Be4 29. Rxe4 fxe4 30. Qxe4 $16) 29. b3 $5 {White is trying to
open up the queenside where black king is placed;} Kb8 30. bxc4 Bb7 (30... Be4
31. Rxe4 fxe4 32. Qxe4 $16) 31. c5 $36 Be4 (31... a5 32. c3 b3 33. c6 Bxc6 34.
Rc4 Rd6 35. Rb1 $40) 32. c6 {Vulnerable position of black king is the main
reason of forthcoming troubles;} Rd5 (32... Qxe5 33. Qb6+) 33. Nd7+ $18 Rxd7 (
33... Ka8 34. Nb6+ Kb8 35. Nxd5 exd5 36. Qc5 $18) 34. cxd7 Rxg6 1-0

[Event "USA-ch"]
[Site "Seattle"]
[Date "2000.09.29"]
[Round "5"]
[White "Kaidanov, Gregory S"]
[Black "Fedorowicz, John P"]
[Result "1/2-1/2"]
[WhiteElo "2624"]
[BlackElo "2533"]
[Annotator "Gofshtein,L"]
[PlyCount "99"]
[EventDate "2000.09.25"]
[EventType "tourn"]
[EventRounds "11"]
[EventCountry "USA"]
[EventCategory "14"]
[SourceTitle "CBM 080"]
[Source "ChessBase"]
[SourceDate "2001.01.25"]
[SourceVersion "1"]
[SourceVersionDate "2001.01.25"]
[SourceQuality "1"]

{[%mdl 4376]} 1. e4 c5 2. Nf3 d6 3. d4 cxd4 4. Nxd4 Nf6 5. Nc3 Nc6 6. Bc4 Qb6
7. Nb3 e6 8. O-O (8. Bf4 $5 {see -chess base magazine 78-Fedorov-Gershon}) (8.
Bd3 {see S.Polgar -V. Hort-chess base magazine 78}) 8... Be7 9. Bg5 O-O 10.
Bxf6 {white "spoils" pawn structure of black, but it doesn't give a big
success for white.} (10. Kh1 a6 (10... Qc7 11. f4 a6 12. Qf3 h6 13. Bh4 b5 14.
Bd3 Bb7 15. Rae1 Nb4 16. Qh3 Rad8 17. a3 Nxd3 18. cxd3 Nh7 19. Rc1 {[%cal
Rc1c7]} Qd7 20. Na5 Ba8 21. Bxe7 Qxe7 22. Ne2 Qa7 $132 {1/2-1/2 Benko,P-Saidy,
A/Chicago 1974/MCD (25)}) 11. Qe2 Qc7 12. f4 h6 13. Bh4 Nxe4 {typical
combination,which lead to position with good counterplay for black} 14. Bxe7
Nxc3 15. Bxd6 Qxd6 16. bxc3 b5 $132 {1/2-1/2 Parma,B-Saidy,A/Tel Aviv 1964/MCD
(48)}) 10... gxf6 (10... Bxf6 11. Qxd6 $14 {black doesn't has sufficient
compensation for the lack of pawn}) 11. Qh5 (11. Kh1 {after this move,how is
shown in following games, gives for white small advantage too.} Kh8 (11... Ne5
12. Be2 Kh8 13. f4 Ng6 14. a4 Rg8 15. a5 Qc7 16. Qd2 Bd7 17. g3 a6 18. Qe3 $14
{1-0 De Firmian,N-Rachels,S/Jacksonville 1990/CBM 21 (44)}) 12. f4 Rg8 13. a4
a6 14. Qh5 Rg7 15. a5 Qd8 16. Na4 Bd7 17. Nb6 Rb8 18. Nxd7 Qxd7 $14 19. c3 Qc7
20. Nd2 Rbg8 21. g3 Bd8 {1/2-1/2 Brunner,L-Benjamin,J/Buenos Aires 1992/TD (21)
}) 11... Ne5 (11... Kh8 {similiar position can arise after this move too.} 12.
Kh1 Bd7 13. f4 Be8 (13... Rg8 14. Rad1 {1/2-1/2 Ilincic,Z-Vukovic,Z/Kladovo
1990/CBM 17 (14)} (14. Qxf7 Rg6 15. f5 Rh6 16. Bxe6 Rf8 17. Qxf8+ Bxf8 18. Bxd7
$44 {1/2-1/2 Howell,J-Arlandi,E/Groningen 1985/EXT 2000 (26)})) 14. Rad1 Rg8
15. Qh3 Rg7 16. Be2 Qd8 17. f5 Bd7 18. Nb5 $36 {1/2-1/2 Lukin,A-Petrienko,V/
URS 1984/EXT 2000 (32)}) 12. Be2 Kh8 13. Kh1 Rg8 14. f4 Ng6 15. Qa5 $5 $146 {
Very interesting novelty.White gos to the ending with clear advantage.} (15.
Rad1 Bd7 16. Rd3 Rg7 17. f5 Ne5 18. Rh3 Qd8 19. Rf4 Qg8 $132 {0-1 Moe,M-Welin,
T/Stockholm 1978/EXT 2000 (40)}) 15... Qxa5 16. Nxa5 b6 (16... d5 17. exd5 Bb4
18. Nc4 Bxc3 19. bxc3 exd5 20. Nd6 $16 {[%csl Yd5,Yf7]}) 17. Nc6 Bb7 $5 {
after this move white had to change his active knight for the passive bishop.}
(17... Bf8 18. Nd8 Rg7 19. Rad1 a6 20. Bh5 $36) 18. Nxe7 Nxe7 19. Rad1 Rad8 20.
Bh5 Kg7 $14 21. Rf3 Kf8 22. Rfd3 Nc8 23. Bf3 Ke7 24. Kg1 Rd7 25. R1d2 a6 26. a4
Rc7 27. Kf2 Rc5 28. g4 Bc6 29. Be2 a5 30. Rh3 Rg7 31. Rg3 Rg8 32. Rh3 Rg7 33.
Rhd3 {In spite of clear advantage, white didn't found anything for the
possibility to increase his advantage,and game goes to the draw.} Rg8 34. Bf3
Rd8 35. Re3 Kf8 36. Red3 Ke7 37. Re3 Kf8 38. Be2 Kg7 39. Red3 Kf8 $14 40. Rh3
Kg7 41. Re3 Kf8 42. Rd1 Ne7 43. Red3 Nc8 44. Rh3 Kg7 45. Ke1 Ne7 46. Rhd3 Nc8
47. R3d2 Bb7 48. Kf2 Kf8 49. Ke3 Ke7 50. Nb5 1/2-1/2

[Event "Krynica zt"]
[Site "Krynica"]
[Date "1998.09.08"]
[Round "7"]
[White "Gdanski, Jacek"]
[Black "Nevednichy, Vladislav"]
[Result "1/2-1/2"]
[WhiteElo "2540"]
[BlackElo "2545"]
[Annotator "Gofshtein,L"]
[PlyCount "52"]
[EventDate "1998.09.02"]
[EventType "swiss"]
[EventRounds "9"]
[EventCountry "POL"]
[SourceTitle "CBM 067"]
[Source "ChessBase"]
[SourceDate "1998.11.30"]
[SourceVersion "2"]
[SourceVersionDate "1998.11.01"]
[SourceQuality "1"]

1. e4 c5 2. Nf3 d6 3. d4 cxd4 4. Nxd4 Nf6 5. Nc3 Nc6 6. Bc4 Bd7 7. Be3 (7. O-O
g6 8. Nxc6 bxc6 9. f4 $14) 7... Ng4 8. Nxc6 bxc6 9. Bf4 e5 10. Bg3 (10. Bd2
$142) 10... Be7 11. Qe2 O-O 12. O-O $6 (12. h3 $5) (12. f3 Qb6 $13) 12... h5 $1
$15 13. f3 (13. h3 h4 14. Bxh4 Bxh4 15. hxg4 Qg5 $44) 13... h4 14. Bxh4 Bxh4
15. fxg4 Qb6+ 16. Kh1 Qxb2 17. Qd3 Bxg4 18. Bb3 Qa3 (18... Rfd8 $2 19. a3) 19.
Nd1 (19. Qc4 Bh5) 19... Qc5 20. Ne3 Be6 (20... Bh5 $6 21. Nf5 Bg5 22. Qxd6 $36)
21. Nf5 Bxf5 (21... Bf2 $2 22. Ne7+ Kh7 23. Bxe6 fxe6 24. Qh3+) 22. Rxf5 g6 $1
23. Rf3 Kg7 24. Raf1 f6 25. g3 Bg5 26. h4 Bh6 $15 1/2-1/2

[Event "Olympiad-34"]
[Site "Istanbul"]
[Date "2000.11.02"]
[Round "6.1"]
[White "Dervishi, Erald"]
[Black "Kotronias, Vasilios"]
[Result "1/2-1/2"]
[WhiteElo "2478"]
[BlackElo "2539"]
[Annotator "Gofshtein,L"]
[PlyCount "78"]
[EventDate "2000.10.28"]
[EventType "team-swiss"]
[EventRounds "14"]
[EventCountry "TUR"]
[SourceTitle "EXT 2001"]
[Source "ChessBase"]
[SourceDate "2000.11.22"]
[SourceVersion "1"]
[SourceVersionDate "2000.11.22"]
[SourceQuality "1"]
[WhiteTeam "Albania"]
[BlackTeam "Cyprus"]
[WhiteTeamCountry "ALB"]
[BlackTeamCountry "CYP"]

1. e4 {[%mdl 4384]} c5 2. Nf3 Nc6 3. d4 cxd4 4. Nxd4 Nf6 5. Nc3 d6 6. Bc4 Qb6
7. Nb3 e6 8. Bf4 Ne5 9. Be2 a6 (9... Bd7 {- see game Fedorov-Gershon CBM78})
10. a4 (10. Bg3 Ng6 11. f4 Bd7 12. Qd2 Bc6 13. Bf3 Rd8 {[%cal Yd6d5]} 14. O-O-O
Be7 15. Nd4 O-O 16. Bf2 Qc7 $132 {0-1 Howell,J-Kozul,Z/Bled 1995/EXT 98 (47)})
(10. O-O Qc7 11. Be3 b5 12. f4 Ned7 13. Bf3 Bb7 14. a3 Be7 $13 {1-0 Pinski,
J-Banas,J/Bojnice 1994/EXT 99 (34)}) (10. Be3 Qc7 11. f4 Nc4 (11... Nc6 {
1/2-1/2 Nijboer,F-Hoeksema,H/NLD-ch 1994/CBM 42 (26)}) 12. Bxc4 Qxc4 13. Qd3 d5
$6 (13... Qc7 $132) 14. e5 Nd7 15. Qxc4 dxc4 16. Na5 $16 {1-0 Galdunts,
S-Wiemer,R/St Ingbert 1994/GER (32)}) 10... Bd7 (10... Qc7 11. a5 Be7 12. O-O
Bd7 (12... O-O 13. Qd4 Nfd7 14. Rfd1 b5 15. axb6 Nxb6 16. Na5 $14 {1/2-1/2
Madl,I-Gara,T/Budapest 2000/CBM 77 ext (20)}) 13. Re1 O-O 14. Bg3 b5 15. axb6
Qxb6 $132 {1-0 Verduga,D-Martin del Campo,R/Merida 1997/EXT 99 (31)}) (10...
Be7 11. a5 (11. O-O O-O 12. a5 Qc6 13. Ra4 Qc7 14. g4 Nfd7 15. Be3 b5 $132 {
0-1 Schneider,D-Ivanov,A/New York 2000/CBM 76 ext (44)}) 11... Qc6 12. Ra4 b5
13. axb6 Qxb6 14. Be3 Qc7 15. f4 Nc6 16. O-O Bb7 $132 {0-1 Milavsky,M-Vovsha,E/
Petah Tiqwa 1996/CBM 55 ext (52)}) 11. Be3 Qc7 12. f4 Nc4 13. Bxc4 Qxc4 14. Qd3
Rc8 $132 {In  my opinion, after white's light-squares B capture black hasn't
any problems.} 15. a5 {[%csl Rb6][%cal Ye3b6]} h5 $5 {Typical prophilactic
move in this type of position.} 16. h3 h4 {[%csl Rg3]} 17. O-O Be7 18. Bd4 Qxd3
19. cxd3 Nh5 $5 {[%cal Rh5g3,Rh5f4] Black has full counterplay, he preparing
f7-f5 with the capture some space on the king side.} 20. Be3 Ng3 21. Rfc1 f5
22. Kh2 O-O $15 {Two bishops gives for black certain advantage. Now white
should be careful to reach equality without problems.} 23. Nd2 $5 {[%cal Yd2c4,
Yd2e4,Yd2f3] N goes from bad square to the good one.} fxe4 {this move's idea
is to prevent Nc4-b6 threat} 24. dxe4 Bf6 $5 {[%cal Yf6c3] B moves to out-post}
25. Nf3 Bc6 (25... Bxc3 26. bxc3 Nxe4 27. c4 $5 $15 {[%cal Rf3h4]}) 26. e5 dxe5
(26... Bxf3 27. exf6 Bc6 28. fxg7 Kxg7 29. Rd1 $15) 27. fxe5 (27. Nxe5) 27...
Be7 (27... Bd8 28. Nd4 $15) 28. Nd4 $5 Nf5 29. Nxc6 Rxc6 30. Bf2 Bg5 31. Re1
Bf4+ ({Probably, better was} 31... Bd2 $5 {and black would have more chances
to reach something better than in this game:} 32. Re2 Bxc3 33. bxc3 Rxc3 34.
Rb1 Rf7 35. Reb2 Rcc7 $17) 32. Kg1 Bg3 33. Ra4 $5 {[%cal Ya4h4]} Rd8 34. Bxg3
hxg3 35. Kf1 Rd2 36. Re2 Rxe2 37. Kxe2 Rc5 38. Kf3 Rxe5 39. Rb4 Rxa5 {white
hasn't real chances for win.} (39... Rxa5 40. Rxb7 Rc5 41. Rb6 a5 42. Kf4 $11)
1/2-1/2

[Event "Presov 2nd"]
[Site "Presov"]
[Date "2000.08.20"]
[Round "9"]
[White "Macieja, Bartlomiej"]
[Black "Krush, Irina"]
[Result "1-0"]
[WhiteElo "2536"]
[BlackElo "2354"]
[Annotator "Gofshtein,L"]
[PlyCount "51"]
[EventDate "2000.08.12"]
[EventType "tourn"]
[EventRounds "9"]
[EventCountry "SVK"]
[EventCategory "10"]
[SourceTitle "CBM 079"]
[Source "ChessBase"]
[SourceDate "2000.11.21"]
[SourceVersion "1"]
[SourceVersionDate "2000.11.21"]
[SourceQuality "1"]

1. e4 c5 2. Nc3 Nc6 3. Nf3 d6 4. d4 cxd4 5. Nxd4 Nf6 6. Bc4 Qb6 7. Ndb5 Bg4 8.
Nd5 {rare move.} ({more popular is} 8. f3 Bd7 9. Qe2 a6 10. Be3 Qa5 11. Nd4 Rc8
(11... e6 12. O-O-O (12. Bb3 {see comments to the game 1-0 Olivier,J-Palac,M/
Baden 1999/CBM 71/[Gofshtein,L] (62)}) 12... b5 13. Bb3 b4 14. Nb1 {see
comments to the game  1/2-1/2 Topalov,V-Kramnik,V/Dos Hermanas 1996/CBM 53/
[Bologan] (44)} (14. Nd5 exd5 15. exd5 Ne7 (15... Nxd4 16. Bxd4+ Kd8) 16. Bc4
Bb5 17. Bxb5+ axb5 18. Rhe1 Kd7 19. Qd3 {1-0 Balogh,C-Ruiz Gonzalez,G/Budapest
1999/CBM 71 ext (40)})) 12. Nb3 Qc7 $11 {see comments to the game 0-1
Reichmann,H-Rabiega,R/Bremen 1998/CBM 68/[Gofshtein,L] (38)}) 8... Nxd5 ({
Badly is} 8... Qa5+ $2 9. b4 (9. Bd2 Bxd1 10. Bxa5 Nxa5 11. Ndc7+ Kd8 12. Nxa8
$18) 9... Qxb5 (9... Nxd5 10. bxa5 Bxd1 11. exd5 Nxa5 12. Nc7+ Kd8 13. Nxa8 $18
) (9... Bxd1 10. bxa5 Nxd5 11. exd5 Nxa5 12. Kxd1 Nxc4 13. Nc7+ Kd7 14. Nxa8 g6
15. Rb1 $18) (9... Nxb4 10. Nxf6+ gxf6 11. Qxg4 Nxc2+ 12. Ke2 Nxa1 13. Bd2 Qb6
(13... Qa4 14. Nc7+ Kd8 15. Bb5 $18 {[%csl Ra4]}) 14. Qh5 e6 15. Rxa1 $16) 10.
Qd3 Qa4 11. Bb5 $18) ({But interesting is} 8... Qxb5 $5 9. Bxb5 (9. Nc7+ Kd8
10. Bxb5 Bxd1 11. Nxa8 Bxc2 12. f3 (12. Bxc6 bxc6 13. f3 Kc8 14. Kd2 Ba4 15. b3
Bb5 $17 {[%csl Ra8]}) 12... Nd4 13. Be3 $1 Nxb5 14. a4 Bxa4 15. Rxa4 $14) 9...
Bxd1 10. Kxd1 O-O-O 11. Nxf6 gxf6 12. Bc4 $14 (12. Be3 d5 $1 $11)) 9. Qxg4 Ndb4
$2 $16 {[%csl Rc2][%cal Gb4c2]} ({In the next games Black played} 9... Nf6 $1 {
and White didn't get any advantage:} 10. Qe2 e6 (10... a6 11. Be3 Qa5+ 12. Bd2
Qb6 13. Nc3 e6 14. O-O-O Be7 15. f4 $132 {1/2-1/2 Macieja,B-Skalik,P/Augustow
1996/EXT 99 (96)}) 11. Be3 Qa5+ 12. Bd2 Qd8 13. f4 a6 14. Nc3 Qc7 15. Bd3 g6
16. O-O Bg7 17. Kh1 O-O $132 {0-1 Velimirovic,D-Goldin,A/Niksic 1996/EXT 2000 
(50)}) 10. Qe2 Ne5 $6 {Dubious tactical idea.} ({Much better was} 10... Na5 $5
11. O-O a6 12. Na3 Rc8 13. c3 Nbc6 (13... Nxc4 14. Nxc4 Qc5 15. b3 Nc6 16. Be3
Qb5 17. Rad1 Nb8 18. f4 $16) 14. Be3 (14. Bxf7+ Kxf7 15. b4 Ne5 16. bxa5 Qxa5
$132) 14... Qc7 15. Bd3 $14 {[%csl Ra5][%cal Gb2b4] Threatening b2-b4.White
has advantage because of better development and pair of BB.}) 11. Bb3 $5 ({
Strong was also} 11. Be3 $5 Qa5 12. O-O a6 ({after} 12... Nxc4 13. Qxc4 Nc6 $14
{White has large development advantage, but maybe Black will neutralize it.})
13. Na3 $1 (13. Bd2 Nxc4 $1 (13... Rc8 14. Bb3 Qxb5 (14... Nec6 15. Nxd6+ $1
exd6 16. c3 $16) 15. Qxb5+ axb5 16. Bxb4 Nc6 17. Bd2 $14) 14. Qxc4 Qxb5 15.
Qxb5+ axb5 16. Bxb4 g6 17. Bc3 Rg8 $11 {[%cal Gf8g7]}) 13... e6 14. c3 Nbc6 15.
Bb3 $16) {Now Black can realize the tactical idea:} 11... Nbd3+ 12. cxd3 Qxb5
13. d4 $1 Qb4+ (13... Qxe2+ 14. Kxe2 Nc6 15. Be3 g6 16. d5 $16) 14. Qd2 Nd3+ $5
15. Kf1 Qb5 (15... Qxd2 $2 16. Bxd2 a5 (16... Nxb2 17. Rb1 Nd3 18. Ke2 $18 {
[%csl Rd3]}) 17. Bc4 Nb4 18. Rc1 $16) 16. Qe2 {[%csl Rd3][%cal Ge2b5] Black N
is in a big trouble.} a6 (16... Rc8 17. Bd2 $16) 17. Bd2 Nxb2 $2 $18 {
Immediately loses material and the game.} ({Of course, after} 17... Rc8 {
White keeps advantage, but it was possible to continue resistance.} 18. Bc3 Nf4
(18... e6 19. g3 $18 {[%csl Rd3][%cal Ga1d1]}) 19. Qxb5+ axb5 20. g3 Ne6 21.
Kg2 $16) 18. Rb1 $1 {[%csl Rb2]} Na4 19. Bxf7+ Kxf7 20. Rxb5 axb5 21. Qxb5 e6
22. Ke2 Be7 23. Rc1 Rhe8 24. Rc4 Nc3+ 25. Rxc3 Rxa2 26. Qd7 1-0

[Event "Najdorf Memorial 8th"]
[Site "Buenos Aires"]
[Date "1997.05.25"]
[Round "6"]
[White "Morovic Fernandez, Ivan"]
[Black "Ricardi, Pablo"]
[Result "1-0"]
[WhiteElo "2580"]
[BlackElo "2575"]
[Annotator "Gofshtein,L"]
[PlyCount "51"]
[EventDate "1997.05.19"]
[EventType "tourn"]
[EventRounds "9"]
[EventCountry "ARG"]
[EventCategory "13"]
[SourceTitle "CBM 060"]
[Source "ChessBase"]
[SourceDate "1997.09.29"]
[SourceVersion "1"]
[SourceVersionDate "1997.09.29"]
[SourceQuality "1"]

1. e4 c5 2. Nf3 d6 3. d4 cxd4 4. Nxd4 Nf6 5. Nc3 Nc6 6. Bc4 Qb6 7. Nxc6 bxc6 8.
O-O g6 9. Be3 Qxb2 $2 (9... Qc7 $142 10. f4 Bg7 11. Bd4 O-O 12. Kh1 e5 13. fxe5
dxe5 14. Bc5 Re8 15. Qf3 Be6 $14 {Todorovic-Leskur,Vrnjacka Banja,1996} 16.
Bxe6) (9... Qa5 10. f4 Bg7 11. h3 O-O 12. Bb3 Bb7 13. Qe1 $16 {Hendriks-Van
Doel Jul,1994}) 10. Bd4 Qb4 $2 {The last mistake.} (10... e5 11. Rb1 Qa3 12.
Rb3 Qa5 13. Be3 Be7 14. Bg5 Qc5 15. Bxf6 Bxf6 16. Qf3 Qxc4 (16... Ke7 17. Bd5
Bd7 18. Rb7 Rac8 19. Bxf7 $16) 17. Qxf6 O-O 18. Qxd6 Be6 19. Rfb1 $16 {
Berkovich-Petrienko,USSR 1980}) 11. Bxf6 exf6 12. Qd4 $1 Ke7 (12... Be6 13. Nd5
$1 Qc5 14. Nc7+ Kd7 15. Bxe6+ Kxc7 16. Qxf6 $18 {Delanoy-Nicevski,Aoste 1989})
13. Rab1 Qc5 14. Nd5+ $1 {Forcing a winning position:} cxd5 15. Qxc5 dxc5 16.
Bxd5 Ba6 $8 17. Bxa8 Bxf1 18. Kxf1 f5 19. exf5 (19. Rb7+ Kf6 20. Rxa7 fxe4 21.
c4 Ke5 22. Rxf7 $16 {Bosh Jer-Kharlov,A Leewarden 1993}) 19... Bg7 20. Rb7+ Kd6
(20... Kf6 21. Rxa7 gxf5 22. a4 $18) 21. Rxa7 gxf5 22. Bf3 $18 Rf8 23. a4 Bc3
24. g3 f4 25. gxf4 Bd2 26. a5 1-0